Kabale University Library Catalogue

The unemployment crisis / (Record no. 6187)

MARC details
000 -LEADER
fixed length control field 01005pam a2200265 a 4500
005 - DATE AND TIME OF LATEST TRANSACTION
control field 20260311203207.0
008 - FIXED-LENGTH DATA ELEMENTS--GENERAL INFORMATION
fixed length control field 940111s1994 enka b 001 0 eng
020 ## - INTERNATIONAL STANDARD BOOK NUMBER
International Standard Book Number 0198773951
020 ## - INTERNATIONAL STANDARD BOOK NUMBER
International Standard Book Number 0198773943 (pbk.)
020 ## - INTERNATIONAL STANDARD BOOK NUMBER
International Standard Book Number 9780198773948
040 ## - CATALOGING SOURCE
Original cataloging agency KABLIB
Transcribing agency KABLIB
Description conventions rda
082 00 - DEWEY DECIMAL CLASSIFICATION NUMBER
Classification number 331.137
Edition number 23
Item number LAY
100 1# - MAIN ENTRY--PERSONAL NAME
Personal name Layard, Richard.
9 (RLIN) 15732
245 14 - TITLE STATEMENT
Title The unemployment crisis /
Statement of responsibility, etc. Richard Layard, Stephen Nickell, Richard Jackman.
260 ## - PUBLICATION, DISTRIBUTION, ETC.
Place of publication, distribution, etc. Oxford ;
-- New York :
Name of publisher, distributor, etc. Oxford University Press,
Date of publication, distribution, etc. c1994.
300 ## - PHYSICAL DESCRIPTION
Extent xi, 157 p. :
Other physical details ill. ;
Dimensions 22 cm.
504 ## - BIBLIOGRAPHY, ETC. NOTE
Bibliography, etc. note Includes bibliographical references (p. [147]-149), index.
650 #0 - SUBJECT ADDED ENTRY--TOPICAL TERM
Topical term or geographic name entry element Unemployment.
9 (RLIN) 15495
650 #0 - SUBJECT ADDED ENTRY--TOPICAL TERM
Topical term or geographic name entry element Unemployment
General subdivision Effect of inflation on.
9 (RLIN) 15733
700 1# - ADDED ENTRY--PERSONAL NAME
Personal name Nickell, S. J.
9 (RLIN) 15734
700 1# - ADDED ENTRY--PERSONAL NAME
Personal name Jackman, Richard,
Dates associated with a name 1945-
9 (RLIN) 15735
700 1# - ADDED ENTRY--PERSONAL NAME
Personal name Layard, P. R. G.
Fuller form of name (P. Richard G.).
Title of a work Unemployment.
9 (RLIN) 15736
856 42 - ELECTRONIC LOCATION AND ACCESS
Materials specified Publisher description
Uniform Resource Identifier <a href="http://www.loc.gov/catdir/enhancements/fy0638/94000155-d.html">http://www.loc.gov/catdir/enhancements/fy0638/94000155-d.html</a>
942 ## - ADDED ENTRY ELEMENTS (KOHA)
Source of classification or shelving scheme Dewey Decimal Classification
Koha item type Book
Holdings
Withdrawn status Lost status Source of classification or shelving scheme Damaged status Not for loan Home library Current library Shelving location Date acquired Source of acquisition Total Checkouts Full call number Barcode Date last seen Price effective from Koha item type
    Dewey Decimal Classification     Mukombe Library Mukombe Library Open Access Section 11.03.2026 Donated   331.137 LAY 14608 11.03.2026 11.03.2026 Book

Kabale University Library | Kabale University P.O Box 317, Kabale, Uganda
Tel : +256754017033, +256774661503 E-mail : library@kab.ac.ug